000 00622nam a2200205Ia 4500
003 GCL
008 140319s9999 xx 000 0 ara d
040 _aGCL /
_cGCL
082 0 4 _aط
_b813.087
_bح ر
100 1 _aحسن صبرى محمد
245 1 0 _aرسائل من ارض الفيروز /
_cحسن صبرى محمد
700 1 _aايهاب شاكر (رسوم)
260 _a[S.N] :
_bالهيئة المصرية العامة للكتاب ،
_c1994
300 _a35 ص
490 _a
650 0 4 _aالقصص العربية
650 0 4 _aالاطفال
650 0 4 _aقصص الاطفال
942 _2ddc
_cBK
999 _c37004
_d37004